000 00424nam a2200181Ia 4500
008 151202s9999||||xx |||||||||||||| ||und||
082 _bPNVM-83123
100 _aSTINE . L.R.
245 _aGhost Beach 3.
260 _bSCHOLASTIC PRESS NEW YORK.
260 _c1994
300 _a119
600 _aSTINE . L.R.
630 _aGhost Beach 3.
700 _aSTINE . L.R.
730 _aGhost Beach 3.
942 _cBOOK
999 _c1347853
_d1347850